| 000 | 00461nam a2200157 a 4500 | ||
|---|---|---|---|
| 001 | 000036315 | ||
| 005 | 20200930075649.0 | ||
| 008 | 120113s1962 enk 000 f eng d | ||
| 040 |
_aDO-SdBNP _bspa _cBNPHU |
||
| 100 | 1 |
_aCooper-Klein, Nina _962472 |
|
| 245 | 1 | 0 |
_aDaughter of Ishtar / _cNina Cooper-Klein. |
| 260 |
_aLondon : _bArthur Barker Limited, _c1962. |
||
| 300 |
_a271 p. ; _c20 cm. |
||
| 650 | 2 | 4 |
_aNovela inglesa _91071 |
| 650 | 2 | 4 |
_aLiteratura inglesa _9498 |
| 999 |
_c35806 _d35806 |
||